Sports Quiz

Random Sports or Football Quiz

Norwegian Tippeliga XIs: Viking Quiz Stats

 Plays Quiz not verified by Sporcle

Score 0/297 Timer 20:00
0 Plays Today
% Correct
2015 (5th)André Danielsen
90.8%
2014 (10th)André Danielsen
90.8%
2013 (5th)André Danielsen
90.8%
2012 (5th)André Danielsen
90.8%
2011 (11th)André Danielsen
90.8%
2010 (9th)André Danielsen
90.8%
2009 (10th)André Danielsen
90.8%
2008 (6th)André Danielsen
90.8%
2007 (3rd)André Danielsen
90.8%
2011 (11th)Erik Nevland
90.5%
2004 (9th)Erik Nevland
90.5%
2003 (5th)Erik Nevland
90.5%
2002 (4th)Erik Nevland
90.5%
2001 (3rd)Erik Nevland
90.5%
2000 (3rd)Erik Nevland
90.5%
2015 (5th)Iven Austbø
89.7%
2007 (3rd)Iven Austbø
89.7%
2016 (8th)André Danielsen
89.4%
2009 (10th)Thomas Myhre
88.5%
2009 (10th)Peter Ijeh
88.5%
2007 (3rd)Peter Ijeh
88.5%
2006 (11th)Peter Ijeh
88.5%
2004 (9th)Frode Olsen
88.5%
2003 (5th)Frode Olsen
88.5%
1997 (8th)Thomas Myhre
88.5%
1995 (5th)Thomas Myhre
88.5%
1994 (3rd)Thomas Myhre
88.5%
1993 (4th)Thomas Myhre
88.5%
2016 (8th)Iven Austbø
88.2%
2016 (8th)Samuel Adegbenro
87.6%
2013 (5th)Rune Jarstein
87.4%
2012 (5th)Rune Jarstein
87.4%
2011 (11th)Rune Jarstein
87.4%
2010 (9th)Rune Jarstein
87.4%
2015 (5th)Samuel Adegbenro
87%
2013 (5th)Trond Olsen
85.9%
2012 (5th)Trond Olsen
85.9%
1990 (5th)Morten Myhre
84%
2000 (3rd)Lars Gaute Bø
83.6%
1999 (8th)Lars Gaute Bø
83.6%
1998 (4th)Lars Gaute Bø
83.6%
1996 (3rd)Lars Gaute Bø
83.6%
1992 (9th)Lars Gaute Bø
83.6%
1991 (1st)Lars Gaute Bø
83.6%
1990 (5th)Lars Gaute Bø
83.6%
2005 (5th)Brede Hangeland
82.4%
2004 (9th)Brede Hangeland
82.4%
2003 (5th)Brede Hangeland
82.4%
2002 (4th)Brede Hangeland
82.4%
2001 (3rd)Brede Hangeland
82.4%
2014 (10th)Arild Østbø
80.9%
2008 (6th)Thomas Pereira
79.4%
2007 (3rd)Thomas Pereira
79.4%
2006 (11th)Thomas Pereira
79.4%
2005 (5th)Thomas Pereira
79.4%
2004 (9th)Thomas Pereira
79.4%
2003 (5th)Thomas Pereira
79.4%
2002 (4th)Thomas Pereira
79.4%
2001 (3rd)Thomas Pereira
79.4%
2000 (3rd)Thomas Pereira
79.4%
2008 (6th)Jone Samuelsen
79%
2007 (3rd)Jone Samuelsen
79%
2006 (11th)Jone Samuelsen
79%
2005 (5th)Egil Østenstad
78.6%
1996 (3rd)Egil Østenstad
78.6%
1995 (5th)Egil Østenstad
78.6%
1994 (3rd)Egil Østenstad
78.6%
1993 (4th)Egil Østenstad
78.6%
1992 (9th)Egil Østenstad
78.6%
2005 (5th)Frode Hansen
78.2%
2004 (9th)Frode Hansen
78.2%
2000 (3rd)Frode Hansen
78.2%
1999 (8th)Frode Hansen
78.2%
2008 (6th)Allan Gaarde
76.7%
2007 (3rd)Allan Gaarde
76.7%
2006 (11th)Allan Gaarde
76.7%
2005 (5th)Allan Gaarde
76.7%
2015 (5th)Indriði Sigurðsson
75.6%
2014 (10th)Indriði Sigurðsson
75.6%
2013 (5th)Indriði Sigurðsson
75.6%
2012 (5th)Indriði Sigurðsson
75.6%
2011 (11th)Indriði Sigurðsson
75.6%
2010 (9th)Indriði Sigurðsson
75.6%
2015 (5th)Kristoffer Haugen
75.2%
2014 (10th)Kristoffer Haugen
75.2%
2012 (5th)Valon Berisha
75.2%
2012 (5th)Veton Berisha
75.2%
2011 (11th)Valon Berisha
75.2%
2007 (3rd)Søren Berg
73.7%
1998 (4th)Gunnar Aase
72.9%
1997 (8th)Gunnar Aase
72.9%
1995 (5th)Gunnar Aase
72.9%
1994 (3rd)Gunnar Aase
72.9%
1993 (4th)Gunnar Aase
72.9%
1992 (9th)Gunnar Aase
72.9%
1991 (1st)Gunnar Aase
72.9%
2010 (9th)Alexander Ødegaard
72.1%
2009 (10th)Alexander Ødegaard
72.1%
2008 (6th)Alexander Ødegaard
72.1%
% Correct
2006 (11th)Alexander Ødegaard
72.1%
2016 (8th)Kristoffer Haugen
72%
2009 (10th)Ragnvald Soma
71%
2008 (6th)Ragnvald Soma
71%
2007 (3rd)Ragnvald Soma
71%
2006 (11th)Ragnvald Soma
71%
2005 (5th)Bjørn Dahl
71%
2004 (9th)Bjørn Dahl
71%
2003 (5th)Bjørn Dahl
71%
2002 (4th)Bjørn Dahl
71%
2001 (3rd)Bjørn Dahl
71%
1992 (9th)Roger Nilsen
71%
1991 (1st)Roger Nilsen
71%
1990 (5th)Roger Nilsen
71%
2016 (8th)Patrick Pedersen
70.8%
2004 (9th)Bjarte Lunde Aarsheim
70.6%
2003 (5th)Bjarte Lunde Aarsheim
70.6%
2002 (4th)Bo Andersen
70.6%
2001 (3rd)Bo Andersen
70.6%
2001 (3rd)Bjarte Lunde Aarsheim
70.6%
2000 (3rd)Bjarte Lunde Aarsheim
70.6%
2000 (3rd)Ríkharður Daðason
70.6%
1999 (8th)Bjarte Lunde Aarsheim
70.6%
1999 (8th)Ríkharður Daðason
70.6%
1998 (4th)Bjarte Lunde Aarsheim
70.6%
1998 (4th)Ríkharður Daðason
70.6%
1997 (8th)Bjarte Lunde Aarsheim
70.6%
1996 (3rd)Bjarte Lunde Aarsheim
70.6%
2013 (5th)Trond Erik Bertelsen
70.2%
2012 (5th)Trond Erik Bertelsen
70.2%
2011 (11th)Trond Erik Bertelsen
70.2%
2010 (9th)Trond Erik Bertelsen
70.2%
2009 (10th)Trond Erik Bertelsen
70.2%
2008 (6th)Trond Erik Bertelsen
70.2%
2008 (6th)Nicolai Stokholm
69.5%
2007 (3rd)Nicolai Stokholm
69.5%
2014 (10th)Yann-Erik de Lanlay
67.9%
2013 (5th)Yann-Erik de Lanlay
67.9%
2012 (5th)Yann-Erik de Lanlay
67.9%
2011 (11th)Yann-Erik de Lanlay
67.9%
1996 (3rd)Erik Pedersen
67.2%
1995 (5th)Erik Pedersen
67.2%
1993 (4th)Erik Pedersen
67.2%
1992 (9th)Erik Pedersen
67.2%
1991 (1st)Erik Pedersen
67.2%
2004 (9th)Erik Fuglestad
66.8%
2002 (4th)Erik Fuglestad
66.8%
2001 (3rd)Erik Fuglestad
66.8%
2000 (3rd)Erik Fuglestad
66.8%
1999 (8th)Magnus Svensson
66.8%
1998 (4th)Magnus Svensson
66.8%
1997 (8th)Erik Fuglestad
66.8%
1995 (5th)Erik Fuglestad
66.8%
2015 (5th)Suleiman Abdullahi
65.6%
2001 (3rd)Hannu Tihinen
65.6%
2000 (3rd)Hannu Tihinen
65.6%
2006 (11th)Anthony Basso
64.1%
2005 (5th)Anthony Basso
64.1%
2005 (5th)Peter Kopteff
64.1%
2004 (9th)Peter Kopteff
64.1%
2003 (5th)Peter Kopteff
64.1%
2002 (4th)Peter Kopteff
64.1%
2015 (5th)Joackim Jørgensen
63.7%
2014 (10th)Joackim Jørgensen
63.7%
2002 (4th)Morten Berre
63.7%
2001 (3rd)Morten Berre
63.7%
2000 (3rd)Morten Berre
63.7%
2015 (5th)Karol Mets
63.4%
1991 (1st)Alf Kåre Tveit
63.4%
1990 (5th)Alf Kåre Tveit
63.4%
2013 (5th)Håkon Skogseid
62.6%
2012 (5th)Håkon Skogseid
62.6%
2011 (11th)Håkon Skogseid
62.6%
2010 (9th)Håkon Skogseid
62.6%
2009 (10th)Håkon Skogseid
62.6%
2015 (5th)Jón Daði Böðvarsson
61.8%
2014 (10th)Jón Daði Böðvarsson
61.8%
2003 (5th)Tom Sanne
61.8%
2002 (4th)Tom Sanne
61.8%
2001 (3rd)Tom Sanne
61.8%
1999 (8th)Tom Sanne
61.8%
2016 (8th)Suleiman Abdullahi
61.5%
2003 (5th)Toni Kuivasto
61.1%
2002 (4th)Toni Kuivasto
61.1%
2001 (3rd)Toni Kuivasto
61.1%
2014 (10th)Vidar Nisja
60.7%
2013 (5th)Johan Lædre Bjørdal
60.7%
2012 (5th)Johan Lædre Bjørdal
60.7%
2011 (11th)Johan Lædre Bjørdal
60.7%
2010 (9th)Vidar Nisja
60.7%
2009 (10th)Vidar Nisja
60.7%
2009 (10th)Martin Fillo
59.5%
2008 (6th)Martin Fillo
59.5%
2006 (11th)Trygve Nygaard
58.8%
2005 (5th)Trygve Nygaard
58.8%
2004 (9th)Trygve Nygaard
58.8%
2003 (5th)Trygve Nygaard
58.8%
2002 (4th)Trygve Nygaard
58.8%
1999 (8th)Trygve Nygaard
58.8%
% Correct
2015 (5th)Anthony Soares
57.3%
2016 (8th)Karol Mets
57.1%
2016 (8th)Joackim Jørgensen
56.5%
1997 (8th)Martin Andresen
56.1%
1996 (3rd)Kenneth Storvik
55.7%
1995 (5th)Kenneth Storvik
55.7%
1994 (3rd)Kenneth Storvik
55.7%
1993 (4th)Kenneth Storvik
55.7%
1992 (9th)Kenneth Storvik
55.7%
1991 (1st)Kenneth Storvik
55.7%
1990 (5th)Kenneth Storvik
55.7%
2016 (8th)Björn Daníel Sverrisson
55.3%
2014 (10th)Björn Daníel Sverrisson
54.2%
2010 (9th)Børre Steenslid
54.2%
2009 (10th)Børre Steenslid
54.2%
2008 (6th)Børre Steenslid
54.2%
2007 (3rd)Børre Steenslid
54.2%
2015 (5th)Makhtar Thioune
53.8%
2013 (5th)Makhtar Thioune
53.8%
1994 (3rd)Ingve Bøe
53.1%
1993 (4th)Ingve Bøe
53.1%
1992 (9th)Ingve Bøe
53.1%
1991 (1st)Ingve Bøe
53.1%
1990 (5th)Ingve Bøe
53.1%
2000 (3rd)Bjørn Berland
52.7%
1999 (8th)Bjørn Berland
52.7%
1998 (4th)Bjørn Berland
52.7%
1996 (3rd)Ulf Karlsen
52.7%
1994 (3rd)Ulf Karlsen
52.7%
1993 (4th)Ulf Karlsen
52.7%
1992 (9th)Ulf Karlsen
52.7%
1991 (1st)Ulf Karlsen
52.7%
2000 (3rd)Auðun Helgason
52.3%
1999 (8th)Auðun Helgason
52.3%
1998 (4th)Auðun Helgason
52.3%
2016 (8th)Claes Kronberg
52.2%
2014 (10th)Sverrir Ingi Ingason
51.9%
2008 (6th)Kristian Nicht
51.9%
1999 (8th)Odd Arne Espevoll
51.1%
1998 (4th)Odd Arne Espevoll
51.1%
1997 (8th)Odd Arne Espevoll
51.1%
1996 (3rd)Odd Arne Espevoll
51.1%
1997 (8th)Egil Ulfstein
50%
1996 (3rd)Egil Ulfstein
50%
1995 (5th)Egil Ulfstein
50%
1994 (3rd)Egil Ulfstein
50%
1994 (3rd)Bjørn Johansen
50%
1993 (4th)Egil Ulfstein
50%
1993 (4th)Bjørn Johansen
50%
1995 (5th)Gøran Sørloth
49.6%
2006 (11th)Jørgen Tengesdal
48.1%
2004 (9th)Jørgen Tengesdal
48.1%
1995 (5th)Børre Meinseth
48.1%
1994 (3rd)Børre Meinseth
48.1%
1993 (4th)Børre Meinseth
48.1%
1992 (9th)Børre Meinseth
48.1%
1991 (1st)Børre Meinseth
48.1%
2011 (11th)Birkir Bjarnason
47.7%
2010 (9th)Birkir Bjarnason
47.7%
2007 (3rd)Maurice Ross
47.7%
2013 (5th)Patrik Ingelsten
47.3%
2010 (9th)Patrik Ingelsten
47.3%
2016 (8th)Abdisalam Ibrahim
47.2%
2005 (5th)Toni Nhleko
46.9%
2005 (5th)Ronny Deila
46.2%
1999 (8th)Martin Knudsen
46.2%
1998 (4th)Martin Knudsen
46.2%
1998 (4th)Christian Flindt Bjerg
46.2%
1990 (5th)Trond Egil Soltvedt
45.8%
1990 (5th)Kjell Jonevret
45.8%
2010 (9th)Tomasz Sokolowski
45%
2009 (10th)Tomasz Sokolowski
45%
1995 (5th)Sander Solberg
45%
1994 (3rd)Sander Solberg
45%
1993 (4th)Sander Solberg
45%
1992 (9th)Sander Solberg
45%
2006 (11th)Øyvind Svenning
44.3%
1996 (3rd)Thomas Solberg
44.3%
1995 (5th)Thomas Solberg
44.3%
2013 (5th)Martin Ørnskov
43.9%
2012 (5th)Martin Ørnskov
43.9%
1997 (8th)Vegard Skogheim
43.5%
1996 (3rd)Vegard Skogheim
43.5%
2014 (10th)Steinþór Freyr Þorsteinsson
42.7%
1992 (9th)Kent Christiansen
42.7%
1990 (5th)Kent Christiansen
42.7%
1991 (1st)Mike McCabe
40.8%
2003 (5th)Kristian Sørli
40.5%
1990 (5th)Egil Fjetland
40.5%
2006 (11th)Peter Abelsson
40.1%
1997 (8th)Per Blohm
39.3%
1997 (8th)Jerry Månsson
37.8%
1991 (1st)Gaute Johannessen
37.8%
1998 (4th)Helge Bjønsaas
36.6%
1997 (8th)Helge Bjønsaas
36.6%
2011 (11th)King Osei Gyan
34.7%
1996 (3rd)Paul Kane
32.8%
1994 (3rd)Øyvind Mellemstrand
32.1%
1990 (5th)Rune Gjerde
27.9%

You're not logged in!

Compare scores with friends on all Sporcle quizzes.
OR
Log In

You Might Also Like...

Show Comments

Extras

Top Quizzes Today


Score Distribution

Your Account Isn't Verified!

In order to create a playlist on Sporcle, you need to verify the email address you used during registration. Go to your Sporcle Settings to finish the process.

Report this User

Report this user for behavior that violates our Community Guidelines.

Details: